| 000 | 00395 a2200133 4500 | ||
|---|---|---|---|
| 001 | 91417 | ||
| 082 | _aPR 1314 | ||
| 090 |
_c43547 _d43546 |
||
| 100 | _aAqib Ali; Prof Sohail Ahmed (Advisor) | ||
| 245 |
_aImplementation of a FH-OFDM Based Transceiver on a Software Defined Radio Kit : Phase II _n72 "B" EC |
||
| 260 |
_aRawalpindi _bNUST _c2012 |
||
| 300 | _a62p | ||
| 500 | _aBE Project Reports | ||
| 942 |
_aCAE NUST _kPR 1314 |
||
| 999 |
_c326490 _d326490 |
||